00249nam a22000737a 4500082001500000245007300015260005100088700003600139 a504.06 ENV aEnvironmental Management systems specification with guidance for use aColombobSri Lanka Standards Institutionc1997 aSri Lanka Standards Institution